Monuments et musées les plus visités de Paris en 2022. - Statistiques

Statistiques générales
  • Ce quiz a été pris 388 fois
  • Le résultat moyen est 5 sur 14
Statistiques - réponses
Nombre de visiteurs
(en million)
Monument / Musée % Correct
7.72 Louvre
96%
5.84 Tour Eiffel
92%
1.75 Arc de Triomphe
79%
3.27 Musée d'Orsay
70%
3.01 Centre Pompidou
42%
0.94 Panthéon
37%
0.59 Tour Montparnasse
24%
1.01 Musée de l'Orangerie
19%
1.08 Petit Palais
17%
1.20 Sainte-Chapelle
15%
1.05 Musée Carnavalet
13%
1.99 Cité des Sciences et de l'Industrie
11%
2.32 Musée national d'Histoire Naturelle
10%
0.70 Parc Zoologique de Paris
2%
Aucun quiz correspondant
Distribution des résultats
% des personnes avec chaque résultat
Percentile par nombre de réponses
Votre historique - résultats
Vous n’avez pas pris ce quiz